| 000 | 00992nam a22003137a 4500 | ||
|---|---|---|---|
| 001 | BR8300547 | ||
| 003 | BR-BrBNA | ||
| 005 | 20230928091605.0 | ||
| 007 | ta | ||
| 008 | 230509b bl.||||| |||| 00| 0 por d | ||
| 040 |
_aBR-BrBNA _bpor _cBiblioteca Nacional de Agricultura |
||
| 041 | _a(Por) | ||
| 072 |
_aE70 _b0210 _b/G514 |
||
| 090 | _ 0210 BR8300547 | ||
| 100 | 1 | _aWiesel, P.A. | |
| 110 | 1 |
_aEscola Superior de Agricultura Luiz de Queiroz, Piracicaba, SP (Brasil) _0Tese (Mestre em Economia Agraria) |
|
| 245 | 1 | _aAnalise da demanda de batata no mercado paulistano [Brasil] | |
| 246 | 1 | _aAnalysis of the demand for potato in the Sao Paulo city's market [Brazil] | |
| 260 | 3 |
_aPiracicaba, SP (Brasil): _c1982. |
|
| 300 | _a81 p. | ||
| 500 | _a7 tables; 38 ref.; Summaries (Ger, Eng, Por) | ||
| 650 | _aBATATA | ||
| 650 | _aMERCADO | ||
| 650 | _aDEMANDA | ||
| 650 | _aANALISE ECONOMETRICA | ||
| 650 | _aSAO PAULO | ||
| 909 |
_a202309 _bLucia _c55 _dLucia Elande |
||
| 942 | _cBK | ||
| 999 |
_c34558 _d34558 |
||